| 000 | 00658nam a2200205Ia 4500 | ||
|---|---|---|---|
| 003 | GCL | ||
| 008 | 140319s9999 xx 000 0 ara d | ||
| 040 |
_aGCL / _cGCL |
||
| 082 | 0 | 4 |
_a217.7 _bع ك |
| 100 | 1 | _aعبدالمنعم النمر | |
| 245 | 1 | 0 |
_aكفاح المسلمين فى تحرير الهند / _cعبدالمنعم النمر |
| 260 |
_a[S.N] : _bالهيئة المصرية العامة للكتاب ، _c1980 |
||
| 300 | _a351 ص | ||
| 490 | _a | ||
| 650 | 0 | 4 | _aالاسلام |
| 650 | 0 | 4 | _aالفتوحات الاسلامية |
| 650 | 0 | 4 | _aانتشار الاسلام |
| 650 | 0 | 4 | _aالاسلام فى الهند |
| 942 |
_2ddc _cBK |
||
| 999 |
_c27511 _d27511 |
||